000 00915nam a22002897a 4500
001 5147
003 FISKH
005 20241107144913.0
008 241107b cb ||||| |||| 00| 0 eng d
020 _a9780590447676
040 _aFISKH
_beng
_cFISKH
_dFISKH
050 _aR154.B623
082 _a610.69520924
100 _aBarker, Rachel
245 _aThe First Woman Doctor :
_bThe Story of Elizabeth Blackwell, M.D. /
_cby Rachel Baker
260 _aNew York :
_bScholastic ;
_c1944 .
300 _a188 pages :
_billustrations ;
_c20 cm .
490 _aScholastic Biography
505 _aZ
520 _aA biography recounting the struggles and achievements of the first woman doctor in the United States.
521 8 _a1120
_bLexile
521 8 _aZ
_bRaz-Plus
650 _amedicine
_vnon-fiction
700 _aCopelman, Evelyn
_eillustrator
942 _2ddc
_cBK
_n0
999 _c5147
_d5147